[Event "WC-2017-S-00008"]
[Site "LSS email"]
[Date "2017.05.17"]
[Round "?"]
[White "Schild, Reinhard"]
[Black "Garcia, Manuel"]
[Result "1/2-1/2"]
[WhiteElo "2041"]
[BlackElo "2027"]
[PlyCount "38"]
[EventDate "2017.06.01"]
[EventType "tourn (corr)"]
[EventRounds "12"]
[EventCountry "GER"]
[SourceTitle "Corr 2024"]
[Source "ChessBase"]
[SourceDate "2023.10.19"]
[SourceVersion "1"]
[SourceVersionDate "2023.10.19"]
[SourceQuality "1"]

1. Nf3 Nf6 2. c4 c5 3. g3 g6 4. Bg2 Bg7 5. Nc3 Nc6 6. d4 cxd4 7. Nxd4 0-0 8. 0-0 Nxd4 9. Qxd4 d6 10. Qd3 a6 11. Bd2 Bf5 12. e4 Bd7 13. h3 Bc6 14. b3 Nd7 15. Rac1 b5 16. Be3 Ne5 17. Qe2 bxc4 18. bxc4 Re8 19. Nd5 Nd7 1/2-1/2

[Event "WC-2017-S-00008"]
[Site "LSS email"]
[Date "2017.05.17"]
[Round "?"]
[White "Sukhanov, Sergey"]
[Black "Garcia, Manuel"]
[Result "1-0"]
[WhiteElo "2102"]
[BlackElo "2027"]
[PlyCount "177"]
[EventDate "2017.06.01"]
[EventType "tourn (corr)"]
[EventRounds "12"]
[EventCountry "GER"]
[SourceTitle "Corr 2024"]
[Source "ChessBase"]
[SourceDate "2023.10.19"]
[SourceVersion "1"]
[SourceVersionDate "2023.10.19"]
[SourceQuality "1"]

1. d4 Nf6 2. c4 g6 3. Nc3 Bg7 4. Nf3 0-0 5. e4 d6 6. h3 e5 7. d5 a5 8. Be3 Na6 9. g4 Nd7 10. a3 Nb6 11. Qc2 c6 12. Rd1 cxd5 13. cxd5 Bd7 14. Nb5 Be8 15. b3 Rc8 16. Bxb6 Rxc2 17. Bxd8 Bxb5 18. Be7 Bxf1 19. Kxf1 Nc5 20. Bxf8 Bxf8 21. Re1 Nxb3 22. Re2 Rc4 23. Kg2 Nc5 24. Rb1 Be7 25. g5 Bd8 26. h4 b6 27. Nd2 Rc2 28. Kf3 Na4 29. Rh1 Nc3 30. Re3 f5 31. gxf6 Nxd5 32. exd5 Rxd2 33. h5 Bxf6 34. Rb3 Kf7 35. Rxb6 Rxd5 36. Rb7+ Ke6 37. h6 Be7 38. Ke2 Rc5 39. Rhb1 Rc2+ 40. Kf1 Ra2 41. R1b3 Ra1+ 42. Kg2 Ra2 43. Rc3 Bh4 44. Rxh7 Bxf2 45. Rh3 Bd4+ 46. Kf1 Ra1+ 47. Ke2 Ra2+ 48. Kd1 Ra1+ 49. Kc2 Ra2+ 50. Kd1 Ra1+ 51. Kc2 Ra2+ 52. Kb3 Rb2+ 53. Ka4 e4 54. Rc7 Rb8 55. h7 Rh8 56. Kb3 Be5 57. Kc2 a4 58. Rh6 Kf6 59. Rd7 Kg5 60. Rh1 Kf5 61. Rf7+ Ke6 62. Rb7 Kf5 63. Rf1+ Ke6 64. Kd1 g5 65. Ke2 Rc8 66. Rh1 d5 67. Rb5 Rd8 68. Rb6+ Kf5 69. Rf1+ Kg4 70. Rb5 Bc3 71. Rd1 Rd7 72. Rdxd5 Rxh7 73. Rxg5+ Kh4 74. Ke3 Rh8 75. Kxe4 Rf8 76. Rh5+ Kg3 77. Rbg5+ Kf2 78. Rh2+ Kf1 79. Rh1+ Kf2 80. Rf5+ Rxf5 81. Kxf5 Ke3 82. Rh3+ Kd2 83. Rh4 Bb2 84. Rxa4 Kc3 85. Ra8 Kc4 86. Ke4 Bc3 87. Rc8+ Kb3 88. Kd5 Bd2 89. Ra8 1-0

[Event "WC-2017-S-00008"]
[Site "LSS email"]
[Date "2017.05.17"]
[Round "?"]
[White "Tyutyunnik, Roman"]
[Black "Garcia, Manuel"]
[Result "1/2-1/2"]
[WhiteElo "2088"]
[BlackElo "2027"]
[PlyCount "42"]
[EventDate "2017.06.01"]
[EventType "tourn (corr)"]
[EventRounds "12"]
[EventCountry "GER"]
[SourceTitle "Corr 2024"]
[Source "ChessBase"]
[SourceDate "2023.10.19"]
[SourceVersion "1"]
[SourceVersionDate "2023.10.19"]
[SourceQuality "1"]

1. e4 c5 2. Nf3 d6 3. d4 cxd4 4. Nxd4 Nf6 5. Nc3 a6 6. Be3 e5 7. Nb3 Be6 8. Qd2 Nbd7 9. 0-0-0 Be7 10. f3 h5 11. Kb1 b5 12. f4 Qc7 13. Nd5 Bxd5 14. exd5 0-0 15. g3 Rfe8 16. h3 exf4 17. gxf4 Ne4 18. Qg2 Bf6 19. Bd4 h4 20. Bd3 Ng3 21. Rhg1 Bxd4 1/2-1/2

[Event "IECG CP.2009.P.00005 email"]
[Site "IECG email"]
[Date "2009.10.01"]
[Round "?"]
[White "Cuniali, Eugenio"]
[Black "Garcia, Manuel"]
[Result "1/2-1/2"]
[WhiteElo "1966"]
[BlackElo "1963"]
[PlyCount "37"]
[EventDate "2009.10.01"]
[EventType "tourn (corr)"]
[EventRounds "6"]
[EventCountry "ARG"]
[SourceTitle "Corr 2024"]
[Source "ChessBase"]
[SourceDate "2023.10.19"]
[SourceVersion "1"]
[SourceVersionDate "2023.10.19"]
[SourceQuality "1"]

1. d4 Nf6 2. c4 g6 3. Nc3 Bg7 4. e4 d6 5. Be2 0-0 6. Nf3 e5 7. d5 Na6 8. Nd2 c6 9. a3 Bd7 10. b4 Qe7 11. 0-0 Nc7 12. Rb1 cxd5 13. cxd5 a6 14. Nc4 Nb5 15. Nxb5 axb5 16. Nb6 Nxe4 17. Qd3 Bf5 18. Nxa8 Rxa8 19. Rb2 1/2-1/2

[Event "IECG WC.2012.S.00001 email"]
[Site "IECG email"]
[Date "2009.07.18"]
[Round "?"]
[White "Garcia, Manuel"]
[Black "Mauro, Lucio"]
[Result "1/2-1/2"]
[WhiteElo "2181"]
[BlackElo "2240"]
[PlyCount "47"]
[EventDate "2009.07.18"]
[EventType "tourn (corr)"]
[EventRounds "10"]
[SourceTitle "Corr 2024"]
[Source "ChessBase"]
[SourceDate "2023.10.19"]
[SourceVersion "1"]
[SourceVersionDate "2023.10.19"]
[SourceQuality "1"]

1. d4 Nf6 2. c4 e6 3. Nf3 b6 4. a3 Bb7 5. Nc3 d5 6. cxd5 Nxd5 7. Qc2 Nxc3 8. bxc3 Be7 9. e4 0-0 10. Bd3 c5 11. 0-0 Qc8 12. Qe2 Ba6 13. Rd1 Bxd3 14. Rxd3 Nd7 15. e5 cxd4 16. cxd4 Re8 17. Bg5 Bf8 18. Qe4 Qc4 19. Rc1 Nc5 20. Qxa8 Rxa8 21. Rxc4 Nxd3 22. Rc2 h6 23. Be3 a5 24. Kf1 1/2-1/2

[Event "IECG WC.2012.S.00001 email"]
[Site "IECG email"]
[Date "2009.07.18"]
[Round "?"]
[White "Veiseh, David"]
[Black "Garcia, Manuel"]
[Result "1/2-1/2"]
[WhiteElo "1905"]
[BlackElo "2181"]
[PlyCount "57"]
[EventDate "2009.07.18"]
[EventType "tourn (corr)"]
[EventRounds "10"]
[SourceTitle "Corr 2024"]
[Source "ChessBase"]
[SourceDate "2023.10.19"]
[SourceVersion "1"]
[SourceVersionDate "2023.10.19"]
[SourceQuality "1"]

1. e4 c6 2. d4 d5 3. Nc3 dxe4 4. Nxe4 Bf5 5. Ng3 Bg6 6. h4 h6 7. Nf3 Nd7 8. h5 Bh7 9. Bd3 Bxd3 10. Qxd3 Qc7 11. Bd2 e6 12. 0-0-0 Ngf6 13. Ne4 0-0-0 14. Kb1 Nxe4 15. Qxe4 Bd6 16. c4 Nf6 17. Qe1 c5 18. Ba5 b6 19. Bc3 cxd4 20. Bxd4 Bc5 21. Qe2 Bxd4 22. Nxd4 Kb8 23. Rd3 Qc5 24. Rhd1 Rc8 25. Nb5 Qxh5 26. Qxh5 Nxh5 27. Rd7 Rxc4 28. Rxa7 Rc5 29. Rdd7 1/2-1/2

[Event "IECG CP.2008.P.00019 email"]
[Site "IECG email"]
[Date "2008.10.01"]
[Round "?"]
[White "Garcia, Manuel"]
[Black "Ferro, Severino Miguel"]
[Result "1-0"]
[WhiteElo "1963"]
[BlackElo "1623"]
[PlyCount "73"]
[EventDate "2008.10.01"]
[EventType "tourn (corr)"]
[EventRounds "6"]
[EventCountry "ARG"]
[SourceTitle "Corr 2024"]
[Source "ChessBase"]
[SourceDate "2023.10.19"]
[SourceVersion "1"]
[SourceVersionDate "2023.10.19"]
[SourceQuality "1"]

1. d4 Nf6 2. c4 c5 3. d5 e6 4. Nc3 exd5 5. cxd5 d6 6. e4 g6 7. Nf3 Bg7 8. Be2 0-0 9. 0-0 a6 10. a4 Nbd7 11. Bf4 Qe7 12. Nd2 Re8 13. h3 b6 14. Bg3 Bb7 15. Qb3 Nh5 16. Bxh5 gxh5 17. Rfe1 h4 18. Bh2 Be5 19. Nc4 Bxh2+ 20. Kxh2 Kg7 21. f4 Qf6 22. Qd1 Qxf4+ 23. Kh1 Rad8 24. Rf1 Qh6 25. Qg4+ Kf8 26. Rf2 Bc8 27. Raf1 Ne5 28. Nxe5 Bxg4 29. Nxf7 Qe3 30. Nxd8+ Kg7 31. Nf7 Bc8 32. Nxd6 Rh8 33. Rf7+ Kh6 34. R7f3 Qd2 35. Nf7+ Kg7 36. Nxh8 Bg4 37. R3f2 1-0

[Event "IECG QA.2008.0.00084"]
[Site "IECG email"]
[Date "2008.04.25"]
[Round "?"]
[White "Petrini, Roberto"]
[Black "Garcia, Manuel"]
[Result "1/2-1/2"]
[WhiteElo "2009"]
[BlackElo "1963"]
[PlyCount "128"]
[EventDate "2008.04.25"]
[EventType "tourn (corr)"]
[EventRounds "6"]
[SourceTitle "Corr 2024"]
[Source "ChessBase"]
[SourceDate "2023.10.19"]
[SourceVersion "1"]
[SourceVersionDate "2023.10.19"]
[SourceQuality "1"]

1. e4 c6 2. d4 d5 3. exd5 cxd5 4. c4 Nf6 5. Nc3 e6 6. Nf3 Bb4 7. Bd3 dxc4 8. Bxc4 0-0 9. 0-0 a6 10. a4 Nc6 11. Bg5 h6 12. Bh4 Be7 13. Re1 Bd7 14. Qe2 Re8 15. Rad1 Nd5 16. Bxe7 Rxe7 17. Bxd5 exd5 18. Ne5 Nb4 19. Qh5 Qe8 20. Qh4 f6 21. Nf3 Bf5 22. h3 Bc2 23. Rxe7 Qxe7 24. Re1 Qd7 25. Qh5 Kh7 26. Nh4 g5 27. Nf3 Kg7 28. Nh2 Nd3 29. Re3 Nf4 30. Qf3 Bg6 31. Qd1 b5 32. Nf3 b4 33. Ne2 Ne6 34. Ng3 a5 35. h4 Rc8 36. h5 Bh7 37. b3 Nf4 38. Qe1 Rc7 39. Qf1 Be4 40. Qa6 Bxf3 41. Rxf3 Qg4 42. Qf1 Nxh5 43. Nxh5+ Qxh5 44. Qe1 g4 45. Re3 Qg5 46. g3 Kg6 47. Kg2 Rc2 48. Re8 Qd2 49. Qxd2 Rxd2 50. Ra8 Rxd4 51. Rxa5 Rd3 52. Rb5 Rxb3 53. Rxd5 Ra3 54. a5 b3 55. Rb5 f5 56. Rb6+ Kg5 57. a6 b2 58. Rxb2 Rxa6 59. Rb8 h5 60. Rg8+ Rg6 61. Rh8 Rg7 62. f4+ Kg6 63. Rd8 Rb7 64. Rg8+ Rg7 1/2-1/2

[Event "IECG CM.2008.0.00319"]
[Site "IECG email"]
[Date "2008.04.07"]
[Round "?"]
[White "Gus'Kov, Viktor V"]
[Black "Garcia, Manuel"]
[Result "1-0"]
[WhiteElo "2223"]
[BlackElo "2192"]
[PlyCount "117"]
[EventDate "2008.04.07"]
[EventType "tourn (corr)"]
[EventRounds "6"]
[SourceTitle "Corr 2024"]
[Source "ChessBase"]
[SourceDate "2023.10.19"]
[SourceVersion "1"]
[SourceVersionDate "2023.10.19"]
[SourceQuality "1"]

1. c4 Nf6 2. Nc3 g6 3. g3 Bg7 4. Bg2 0-0 5. d3 d6 6. Bg5 h6 7. Bd2 e5 8. e4 a6 9. Nge2 b5 10. Qc1 bxc4 11. dxc4 Kh7 12. Nd5 Nc6 13. 0-0 a5 14. b3 Bg4 15. f3 Bd7 16. Be3 Nxd5 17. cxd5 Nd4 18. Rf2 f5 19. Qd2 Nxe2+ 20. Rxe2 f4 21. gxf4 exf4 22. Bd4 Qe7 23. Rc1 Bb5 24. Rf2 a4 25. b4 Rf7 26. Bh3 Be5 27. Be6 Rg7 28. Qc3 Bxd4 29. Qxd4 Re8 30. Rfc2 Qd8 31. Kh1 Rf8 32. a3 Re7 33. Rc3 Rg7 34. Qf2 Rf6 35. Qd2 Qb8 36. Qd4 Rf8 37. e5 Qd8 38. exd6 Qxd6 39. Qa7 Qb6 40. Qxb6 cxb6 41. Rc8 Rxc8 42. Rxc8 Re7 43. Rb8 Be2 44. Kg2 b5 45. d6 Rxe6 46. d7 Bc4 47. Re8 Rd6 48. d8Q Rxd8 49. Rxd8 Kg7 50. Rd6 g5 51. Kh3 h5 52. Kg2 Be2 53. Rd5 Kf6 54. h4 gxh4 55. Rxh5 Ke6 56. Rc5 Kf6 57. Kh3 Bxf3 58. Rxb5 Bd1 59. Kxh4 1-0

[Event "IECG CM.2008.0.00319"]
[Site "IECG email"]
[Date "2008.04.07"]
[Round "?"]
[White "Mayer, Eduardo"]
[Black "Garcia, Manuel"]
[Result "1/2-1/2"]
[WhiteElo "2331"]
[BlackElo "2192"]
[PlyCount "85"]
[EventDate "2008.04.07"]
[EventType "tourn (corr)"]
[EventRounds "6"]
[SourceTitle "Corr 2024"]
[Source "ChessBase"]
[SourceDate "2023.10.19"]
[SourceVersion "1"]
[SourceVersionDate "2023.10.19"]
[SourceQuality "1"]

1. d4 Nf6 2. c4 g6 3. Nc3 Bg7 4. e4 d6 5. f4 0-0 6. Nf3 c5 7. d5 e6 8. Be2 exd5 9. cxd5 Bg4 10. 0-0 Nbd7 11. Re1 Re8 12. h3 Bxf3 13. Bxf3 Qa5 14. Be3 b5 15. a3 Nb6 16. e5 Nfd7 17. e6 Nc4 18. exd7 Rxe3 19. Rxe3 Nxe3 20. Qd3 b4 21. Qb5 Qd8 22. axb4 cxb4 23. Ne4 Bxb2 24. Rb1 Bd4 25. Kh1 Rb8 26. Qd3 Bb6 27. Rxb4 Qh4 28. Qe2 Nf5 29. Bg4 Qe7 30. Bxf5 gxf5 31. Ng3 Qxe2 32. Nxe2 Rd8 33. Ng3 Kf8 34. Nxf5 Rxd7 35. g4 Rc7 36. Nxd6 Rd7 37. Nc4 Rxd5 38. Nxb6 axb6 39. Rxb6 Rd2 40. g5 Kg7 41. Kg1 Ra2 42. Rf6 Rc2 43. h4 1/2-1/2

[Event "IECG WC.2012.P.00004 email"]
[Site "IECG email"]
[Date "2008.02.15"]
[Round "?"]
[White "Engelhard, Christof"]
[Black "Garcia, Manuel"]
[Result "1/2-1/2"]
[WhiteElo "2159"]
[BlackElo "2195"]
[PlyCount "89"]
[EventDate "2008.02.15"]
[EventType "tourn (corr)"]
[EventRounds "10"]
[SourceTitle "Corr 2024"]
[Source "ChessBase"]
[SourceDate "2023.10.19"]
[SourceVersion "1"]
[SourceVersionDate "2023.10.19"]
[SourceQuality "1"]

1. e4 c5 2. Nc3 Nc6 3. Bb5 Nd4 4. Bc4 e6 5. Nge2 Nf6 6. 0-0 a6 7. a4 d5 8. exd5 exd5 9. Ba2 Bd6 10. d3 0-0 11. h3 Nxe2+ 12. Qxe2 Re8 13. Qf3 Re5 14. g4 d4 15. Ne4 Nxe4 16. Bxf7+ Kh8 17. dxe4 Qe7 18. Ba2 Rxe4 19. Qg2 Re1 20. Bd2 Rxf1+ 21. Rxf1 Qc7 22. Bd5 Bd7 23. b3 Rb8 24. Re1 b5 25. axb5 axb5 26. Qe4 Rf8 27. f4 c4 28. f5 Qc5 29. b4 Qb6 30. Kg2 h6 31. Re2 Bc7 32. Qe7 Qd6 33. Qxd6 Bxd6 34. Re4 c3 35. Bc1 Bxb4 36. Rxd4 Bc5 37. Rd3 b4 38. Bb3 Bb5 39. Rd1 Bc6+ 40. Kg3 Kh7 41. Re1 Re8 42. Rxe8 Bxe8 43. Bf4 Be7 44. Bc7 Bc6 45. Be5 1/2-1/2

[Event "IECG WC.2012.P.00004 email"]
[Site "IECG email"]
[Date "2008.02.15"]
[Round "?"]
[White "Garcia, Manuel"]
[Black "Cartagena, Julio"]
[Result "1-0"]
[WhiteElo "2195"]
[BlackElo "1700"]
[PlyCount "37"]
[EventDate "2008.02.15"]
[EventType "tourn (corr)"]
[EventRounds "10"]
[SourceTitle "Corr 2024"]
[Source "ChessBase"]
[SourceDate "2023.10.19"]
[SourceVersion "1"]
[SourceVersionDate "2023.10.19"]
[SourceQuality "1"]

1. d4 Nf6 2. c4 g6 3. Nc3 d5 4. Nf3 Bg7 5. Qb3 dxc4 6. Qxc4 0-0 7. e4 a6 8. e5 b5 9. Qb3 Ng4 10. h3 Nh6 11. Bd3 c5 12. Be4 c4 13. Qa3 Ra7 14. Nxb5 Rd7 15. Nc3 Rxd4 16. Nxd4 Qxd4 17. Bf4 Nf5 18. g4 Bxe5 19. Rd1 1-0

[Event "IECG WC.2012.P.00004 email"]
[Site "IECG email"]
[Date "2008.02.15"]
[Round "?"]
[White "Korchut, Adam"]
[Black "Garcia, Manuel"]
[Result "0-1"]
[WhiteElo "2148"]
[BlackElo "2195"]
[PlyCount "168"]
[EventDate "2008.02.15"]
[EventType "tourn (corr)"]
[EventRounds "10"]
[SourceTitle "Corr 2024"]
[Source "ChessBase"]
[SourceDate "2023.10.19"]
[SourceVersion "1"]
[SourceVersionDate "2023.10.19"]
[SourceQuality "1"]

1. e4 c6 2. d4 d5 3. Nc3 dxe4 4. Nxe4 Bf5 5. Ng3 Bg6 6. h4 h6 7. Nf3 Nd7 8. h5 Bh7 9. Bd3 Bxd3 10. Qxd3 Qc7 11. Bd2 e6 12. Qe2 Ngf6 13. 0-0-0 c5 14. Kb1 cxd4 15. Nxd4 Bc5 16. Nb3 Be7 17. Bc3 Rc8 18. Rd3 0-0 19. Nf5 exf5 20. Qxe7 Rfe8 21. Qd6 Ne5 22. Qxc7 Rxc7 23. Rdd1 Ne4 24. Bxe5 Rxe5 25. Rd8+ Kh7 26. f4 Ree7 27. c3 Ng3 28. Rh3 Re1+ 29. Kc2 Ne4 30. Nd4 Rg1 31. Rh2 Rf1 32. Nxf5 Rxf4 33. Ne3 Rf2+ 34. Kb3 Nd2+ 35. Ka3 Rc6 36. Nd1 Re2 37. Rh4 Rxg2 38. Rf4 Rc7 39. Rfd4 Nf1 40. Kb3 Rh2 41. R4d5 f6 42. a4 b6 43. c4 a5 44. R8d6 Rh3+ 45. Nc3 Ne3 46. Rd3 Nxc4 47. Rxh3 Nxd6 48. Nd5 Rb7 49. Rd3 Nf7 50. Kc2 b5 51. Rb3 b4 52. Kd3 Ne5+ 53. Kd4 Kg8 54. Rg3 Kf7 55. Kc5 Ke6 56. b3 Kf5 57. Rg1 Ke4 58. Rg3 Nf3 59. Rg4+ Ke5 60. Rg2 Nd4 61. Rg3 Nf5 62. Rg1 Ke4 63. Rg4+ Kd3 64. Rf4 Ne7 65. Rf3+ Kd2 66. Nb6 Ke2 67. Rh3 Rc7+ 68. Kb5 f5 69. Rh2+ Kf3 70. Kxa5 f4 71. Kxb4 Kg3 72. Rd2 f3 73. Nc4 f2 74. Rd3+ Kf4 75. Nd2 Nc6+ 76. Ka3 Ne5 77. Rd8 Ke3 78. Nf1+ Ke2 79. Ng3+ Kf3 80. Nf1 Rc1 81. Rf8+ Kg2 82. Ne3+ Kg1 83. a5 Re1 84. Nc2 f1Q 0-1

[Event "IECG CP.2007.P.00077 email"]
[Site "IECG email"]
[Date "2007.10.01"]
[Round "?"]
[White "Gamazo, Juan"]
[Black "Garcia, Manuel"]
[Result "0-1"]
[WhiteElo "1564"]
[BlackElo "2120"]
[PlyCount "108"]
[EventDate "2007.10.01"]
[EventType "tourn (corr)"]
[EventRounds "6"]
[SourceTitle "Corr 2011"]
[Source "ChessBase"]
[SourceDate "2010.08.31"]
[SourceVersion "1"]
[SourceVersionDate "2010.08.31"]
[SourceQuality "1"]

1. e4 c5 2. Nf3 d6 3. Bb5+ Bd7 4. Bxd7+ Qxd7 5. 0-0 Nc6 6. c3 Nf6 7. d4 Nxe4 8. d5 Ne5 9. Re1 Nxf3+ 10. Qxf3 Nf6 11. c4 e5 12. dxe6 fxe6 13. Nc3 Be7 14. Bg5 h6 15. Bh4 0-0 16. Qe2 e5 17. Bxf6 Bxf6 18. Rad1 Rad8 19. Qe4 a6 20. Nd5 b5 21. b3 Bg5 22. h4 Be7 23. f3 Rf7 24. Re2 Bf8 25. g3 Qh3 26. Rh2 Qxg3+ 27. Kh1 Qxf3+ 28. Qxf3 Rxf3 29. Kg2 Rf5 30. Kg3 Rd7 31. Re2 Rdf7 32. Kg2 g6 33. Red2 h5 34. cxb5 axb5 35. a4 bxa4 36. bxa4 Ra7 37. Ra2 Ra5 38. Rb1 e4 39. Ne3 Rf3 40. Nc4 Ra7 41. a5 d5 42. Ne5 Rf6 43. Rb8 e3 44. Rd8 Rd6 45. Re8 Kg7 46. Nd3 d4 47. Ra1 Rda6 48. Ne5 Rxa5 49. Rxa5 Rxa5 50. Re6 Ra2+ 51. Kg3 e2 52. Kf2 c4 53. Rxg6+ Kh7 54. Rb6 d3 0-1

[Event "IECG CP.2007.P.00077 email"]
[Site "IECG email"]
[Date "2007.10.01"]
[Round "?"]
[White "Garcia, Manuel"]
[Black "Ferrari, Cristiano"]
[Result "1-0"]
[WhiteElo "2120"]
[BlackElo "1545"]
[PlyCount "85"]
[EventDate "2007.10.01"]
[EventType "tourn (corr)"]
[EventRounds "6"]
[SourceTitle "Corr 2011"]
[Source "ChessBase"]
[SourceDate "2010.08.31"]
[SourceVersion "1"]
[SourceVersionDate "2010.08.31"]
[SourceQuality "1"]

1. d4 Nf6 2. c4 g6 3. Nc3 Bg7 4. e4 d6 5. Nf3 0-0 6. Be2 Na6 7. 0-0 e5 8. Be3 Ng4 9. Bg5 f6 10. Bc1 c6 11. h3 exd4 12. Nxd4 Ne5 13. Be3 f5 14. f4 Nf7 15. exf5 gxf5 16. Nb3 Re8 17. Rf3 Qh4 18. Bd4 Bxd4+ 19. Qxd4 Be6 20. Kh2 Kf8 21. Rg3 Qh6 22. Bf3 Bd7 23. Ne2 Re6 24. Rd1 Qf6 25. Bh5 Qh6 26. Bxf7 Kxf7 27. Qd2 Rg8 28. Nbd4 Rf6 29. Rg5 Qf8 30. Ng3 h6 31. Rh5 Rgg6 32. Ndxf5 Kg8 33. Nh4 Rg7 34. f5 Rxg3 35. Kxg3 Be8 36. Ng6 Bxg6 37. fxg6 Rxg6+ 38. Kh2 Nc7 39. Kg1 Qg7 40. Rf5 Ne6 41. Re1 Qe7 42. Qf2 Qg7 43. h4 1-0

[Event "IECG CP.2007.P.00077 email"]
[Site "IECG email"]
[Date "2007.10.01"]
[Round "?"]
[White "Johanson, Frans"]
[Black "Garcia, Manuel"]
[Result "1/2-1/2"]
[WhiteElo "1959"]
[BlackElo "2120"]
[PlyCount "62"]
[EventDate "2007.10.01"]
[EventType "tourn (corr)"]
[EventRounds "6"]
[SourceTitle "Corr 2011"]
[Source "ChessBase"]
[SourceDate "2010.08.31"]
[SourceVersion "1"]
[SourceVersionDate "2010.08.31"]
[SourceQuality "1"]

1. d4 Nf6 2. c4 g6 3. Nc3 Bg7 4. e4 d6 5. f3 0-0 6. Be3 c5 7. dxc5 dxc5 8. Qxd8 Rxd8 9. Bxc5 Nc6 10. Nd5 Nd7 11. Nxe7+ Nxe7 12. Bxe7 Bxb2 13. Rb1 Bc3+ 14. Kd1 Re8 15. Ne2 Be5 16. Bb4 Nb6 17. Nc3 a5 18. Bc5 Nd7 19. Na4 Nxc5 20. Nxc5 Bd4 21. Na4 f5 22. Bd3 fxe4 23. Bxe4 Be6 24. c5 Bxa2 25. Rxb7 Rab8 26. Rxb8 Rxb8 27. Kd2 Rc8 28. c6 Bb3 29. Nc3 Bxc3+ 30. Kxc3 Ba4 31. Bd5+ Kf8 1/2-1/2

[Event "IECG SH.2007.0.00104 email"]
[Site "IECG email"]
[Date "2007.03.27"]
[Round "?"]
[White "Garcia, Manuel"]
[Black "Signes, Salva"]
[Result "1-0"]
[WhiteElo "1963"]
[BlackElo "2032"]
[PlyCount "147"]
[EventDate "2007.03.27"]
[EventType "tourn (corr)"]
[EventRounds "6"]
[SourceTitle "Corr 2024"]
[Source "ChessBase"]
[SourceDate "2023.10.19"]
[SourceVersion "1"]
[SourceVersionDate "2023.10.19"]
[SourceQuality "1"]

1. Nf3 Nf6 2. d4 d5 3. c4 e6 4. Nc3 Be7 5. Bg5 h6 6. Bh4 0-0 7. e3 Nbd7 8. Rc1 Re8 9. Bd3 dxc4 10. Bxc4 c5 11. 0-0 a6 12. a4 cxd4 13. exd4 Nb6 14. Bb3 Bd7 15. a5 Nbd5 16. Bxd5 Nxd5 17. Nxd5 exd5 18. Bxe7 Rxe7 19. Rc5 Bb5 20. Re1 Re4 21. Qd2 f6 22. Rxe4 dxe4 23. Nh4 b6 24. axb6 Qxb6 25. b4 Bd7 26. Ng6 a5 27. Ne7+ Kf7 28. Nd5 Qb8 29. b5 a4 30. b6 Qd6 31. h4 a3 32. Ra5 Bc6 33. Rxa8 Bxa8 34. Ne3 Bb7 35. Qc3 Kg6 36. d5 f5 37. g3 Qf8 38. Ng2 Qd6 39. h5+ Kh7 40. Ne3 f4 41. gxf4 Qxf4 42. Qxa3 Qg5+ 43. Kf1 Qxh5 44. Qb2 Qh1+ 45. Ke2 Qf3+ 46. Ke1 h5 47. Qe5 h4 48. d6 Qh1+ 49. Kd2 Qb1 50. Qf5+ Kg8 51. Qe6+ Kh7 52. d7 Qb4+ 53. Kc1 Qa3+ 54. Kd1 Qa1+ 55. Kd2 Qa5+ 56. Ke2 Qb5+ 57. Ke1 Qb1+ 58. Nd1 Qb4+ 59. Kf1 Qb5+ 60. Kg2 e3+ 61. Kh2 Qf1 62. Qf5+ Kh6 63. Qf4+ g5 64. Qxg5+ Kxg5 65. d8Q+ Kg6 66. Qd6+ Kh5 67. Qe5+ Kg6 68. Qe6+ Kh5 69. Qe8+ Kg5 70. Qe7+ Kh5 71. Qxb7 Qxd1 72. Qf7+ Kg5 73. Qe7+ Kg6 74. Qe6+ 1-0

[Event "IECG CA.2007.0.00184 email"]
[Site "IECG email"]
[Date "2007.03.25"]
[Round "?"]
[White "Garcia, Manuel"]
[Black "Sarosy, Zoltan"]
[Result "1/2-1/2"]
[WhiteElo "1963"]
[BlackElo "2102"]
[PlyCount "91"]
[EventDate "2007.03.25"]
[EventType "tourn (corr)"]
[EventRounds "6"]
[SourceTitle "Corr 2024"]
[Source "ChessBase"]
[SourceDate "2023.10.19"]
[SourceVersion "1"]
[SourceVersionDate "2023.10.19"]
[SourceQuality "1"]

1. Nf3 Nf6 2. d4 c6 3. c4 d5 4. Nc3 e6 5. e3 Nbd7 6. Qc2 Bd6 7. b3 0-0 8. Be2 b6 9. 0-0 Bb7 10. Bb2 Qe7 11. Rad1 Rad8 12. e4 Nxe4 13. Nxe4 dxe4 14. Qxe4 Nf6 15. Qe3 c5 16. h3 Ne4 17. d5 exd5 18. cxd5 Nf6 19. Bc4 Qxe3 20. fxe3 Ne4 21. Nd2 Ng3 22. Rf3 f5 23. Kf2 Ne4+ 24. Nxe4 fxe4 25. Rxf8+ Rxf8+ 26. Kg1 a6 27. Be2 Kf7 28. Bh5+ Ke7 29. Bg4 g5 30. Be6 Bc8 31. Bxc8 Rxc8 32. Rf1 Rf8 33. Rxf8 Kxf8 34. Bf6 Be7 35. Be5 b5 36. Kf2 Ke8 37. Kg3 h5 38. Kf2 Kd7 39. g4 hxg4 40. hxg4 Bd8 41. Ke2 Bc7 42. Bf6 Kd6 43. Bxg5 Kxd5 44. Kd2 Ke6 45. Kc2 b4 46. Kd2 1/2-1/2

[Event "IECG CA.2007.0.00184 email"]
[Site "IECG email"]
[Date "2007.03.25"]
[Round "?"]
[White "Jaumandreu, Antonio"]
[Black "Garcia, Manuel"]
[Result "1/2-1/2"]
[WhiteElo "2092"]
[BlackElo "1963"]
[PlyCount "109"]
[EventDate "2007.03.25"]
[EventType "tourn (corr)"]
[EventRounds "6"]
[SourceTitle "Corr 2024"]
[Source "ChessBase"]
[SourceDate "2023.10.19"]
[SourceVersion "1"]
[SourceVersionDate "2023.10.19"]
[SourceQuality "1"]

1. e4 c5 2. d4 cxd4 3. c3 g6 4. Nf3 Bg7 5. cxd4 d5 6. exd5 Nf6 7. Bb5+ Nbd7 8. d6 0-0 9. 0-0 exd6 10. Nc3 Nb6 11. Re1 a6 12. Bf1 Be6 13. Bf4 Nbd5 14. Nxd5 Bxd5 15. Qd3 Nh5 16. Bg5 Qb6 17. a3 a5 18. Be3 f5 19. Rad1 Rfc8 20. Qb5 Qxb5 21. Bxb5 Rc7 22. a4 Rc2 23. Bc1 Bf6 24. Kf1 Rd8 25. Bd3 Rc7 26. Bb5 b6 27. Bh6 Rc2 28. Rd2 Rxd2 29. Nxd2 Bxd4 30. Rd1 Bc5 31. Bg5 Rc8 32. Nc4 Bxc4+ 33. Bxc4+ Kg7 34. b3 Re8 35. Bc1 Nf6 36. f3 h6 37. Bf4 Rd8 38. Be5 g5 39. Bb2 Re8 40. Re1 Rxe1+ 41. Kxe1 Kg6 42. Kd2 d5 43. Bb5 Kf7 44. Bc6 Bg1 45. h4 gxh4 46. Bxf6 Kxf6 47. Bxd5 Ke5 48. Bc4 Kf4 49. Ke2 Kg3 50. Kf1 Bc5 51. Be6 Kf4 52. Ke2 Kg3 53. Kf1 Kf4 54. Ke2 Kg3 55. Kf1 1/2-1/2

[Event "IECG OP.2007.0.00246 email"]
[Site "IECG email"]
[Date "2007.02.13"]
[Round "?"]
[White "Garcia, Manuel"]
[Black "Stolz, Stephan"]
[Result "0-1"]
[WhiteElo "800"]
[BlackElo "1507"]
[PlyCount "124"]
[EventDate "2007.02.13"]
[EventType "tourn (corr)"]
[EventRounds "6"]
[SourceTitle "Corr 2008"]
[Source "ChessBase"]
[SourceDate "2008.06.24"]
[SourceVersion "1"]
[SourceVersionDate "2008.06.24"]
[SourceQuality "1"]

1. Nf3 g6 2. c4 c5 3. Nc3 Nc6 4. g3 Bg7 5. Bg2 e5 6. 0-0 Nge7 7. Rb1 d6 8. a3 a5 9. d3 0-0 10. Bd2 Rb8 11. Qa4 b6 12. Ng5 Bb7 13. e3 h6 14. Nf3 Bc8 15. Ne1 Bd7 16. Qd1 Be6 17. Nd5 b5 18. b3 bxc4 19. bxc4 Qd7 20. Rxb8 Rxb8 21. Nxe7+ Nxe7 22. Bxa5 d5 23. cxd5 Nxd5 24. Bd2 Nb6 25. Qb1 Qa7 26. Qc1 Na4 27. e4 h5 28. Nf3 Qd7 29. Be3 f6 30. Nh4 Kh7 31. f4 exf4 32. gxf4 Bg4 33. Bxc5 Nxc5 34. Qxc5 Qxd3 35. Qd5 Qxd5 36. exd5 Bf8 37. Rc1 Bd6 38. Rc4 Rb1+ 39. Kf2 Rb2+ 40. Ke3 Re2+ 41. Kd3 Ra2 42. Ra4 Rf2 43. Rd4 Kg7 44. Ke3 Ra2 45. Rc4 g5 46. fxg5 fxg5 47. Bf3 Rxa3+ 48. Kf2 Ra2+ 49. Ke3 Bd7 50. Ng2 Bxh2 51. Rb4 Bg1+ 52. Ke4 Kf6 53. Ne3 Ra3 54. Rb6+ Ke7 55. Nc4 Bf5+ 56. Kxf5 Rxf3+ 57. Kxg5 Bxb6 58. Nxb6 Rb3 59. Nc4 h4 60. d6+ Kd8 61. Ne5 Rb5 62. Kf6 Rxe5 0-1